| 000 | 00438nam a2200121Ia 4500 | ||
|---|---|---|---|
| 008 | 231129s2012||||xx |||||||||||||| ||spa|| | ||
| 020 | _a978-958-57608-3-7 | ||
| 082 | _a303.6861 C397e | ||
| 245 | 0 | _aEncuesta Nacional: ¿Qué piensan los colombianos después de siete años de justicia y paz?: Resúmen ejecutivo | |
| 260 | _c2012 | ||
| 264 | _aBogotá : Centro de Memoria Histórica | ||
| 942 |
_2ddc _cBKS |
||
| 999 |
_c13056 _d13056 |
||